000 00651nam a2200181Ia 4500
008 090124s9999 xx 000 0 und d
082 _b20251
_a2261
100 _aगडकरी राम गणेश (गोविंदाग्रज)
245 _a वाग्वैजयंती
250 _a3
260 _c1929
300 _a7+16+3+232
600 _aगडकरी राम गणेश (गोविंदाग्रज)
630 _a वाग्वैजयंती
700 _aगडकरी राम गणेश (गोविंदाग्रज)
730 _a वाग्वैजयंती
942 _cBOOK
999 _c134058
_d134058